Missing Word: Song Titles in Lyrics IV Quiz Stats

Quiz Updated Feb 22, 2015

Challenge
Share
Tweet
Embed
Score 0/16 Timer 04:00
0 Plays Today
Lyric Song Title % Correct
Confusion never stops / Closing walls and ticking ________.Clocks
82.4%
Na-na-na that that don't kill me/Can only make me _____/I need you to hurry up now/'Cause I can't wait much longerStronger
65%
________ singing in the dead of night / Take these broken wings and learn to fly.Blackbird
60.6%
Little girls from Sweden / Dream of silver screen quotations / And if you want these kind of dreams / It's ________.Californication
51.7%
Every little thing that you do / Baby, I'm ________ by you.Amazed
48.9%
Oh, girl, you stand by me / I'm forever yours / ________.Faithfully
48.2%
________ / Feels like I'm going to lose my mind / You just keep on pushing my love / Over the ________.Borderline
47.1%
I was ________ when I met you / Now I'm tryin' to forget you / Love is sweet misery.Cryin'
44.4%
Lyric Song Title % Correct
Too late tonight / To drag the past out into the light / We're ________, but we're not the same.One
35%
What I need / Is a good defense / 'Cause I'm feelin' / Like a ________.Criminal
32.3%
My ________ are small, I know / But they're not yours, they are my own.Hands
31.9%
You made a rebel of a careless man's careful daughter / You are the best thing that's ever been ________.Mine
31%
You say I'm crazy / I got your crazy / You're nothin' but a / ________.Womanizer
30.1%
You really don't remember / Was it something that he said? / All the voices in your head / Calling ________.Gloria
25.1%
I don't wanna spend my life jaded / Waiting to wake up one day and find / That I've let all these years go by / ________.Wasted
13.8%
________ been doggin' my soul since the day I was born.Trouble
10.2%

Today's Daily Dose

Missing Word
Jazz Songs 'C'

On This Day
January 18th

You're not logged in!

Compare scores with friends on all Sporcle quizzes.
Sign Up with Email
OR
Log In

You Might Also Like...

Show Comments

Extras

Top Quizzes Today


Score Distribution

Your Account Isn't Verified!

In order to create a playlist on Sporcle, you need to verify the email address you used during registration. Go to your Sporcle Settings to finish the process.